Essentials of Modern Spectrum Management / (Record no. 17108)
[ view plain ]
| 000 -LEADER | |
|---|---|
| fixed length control field | 00948nam a22002898a 4500 |
| 001 - CONTROL NUMBER | |
| control field | 015690563 |
| 003 - CONTROL NUMBER IDENTIFIER | |
| control field | Uk |
| 005 - DATE AND TIME OF LATEST TRANSACTION | |
| control field | 20121126124933.0 |
| 008 - FIXED-LENGTH DATA ELEMENTS--GENERAL INFORMATION | |
| fixed length control field | 101104r20112007enka 000 0 eng|d |
| 020 ## - INTERNATIONAL STANDARD BOOK NUMBER | |
| International Standard Book Number | 0521208491 (pbk.) : |
| 020 ## - INTERNATIONAL STANDARD BOOK NUMBER | |
| International Standard Book Number | 9780521208499 (pbk.) : |
| 082 04 - DEWEY DECIMAL CLASSIFICATION NUMBER | |
| Classification number | 621.3822 |
| Edition number | 22 |
| Item number | CAV |
| 100 1# - MAIN ENTRY--PERSONAL NAME | |
| Personal name | Cave, Martin. |
| 9 (RLIN) | 31468 |
| 245 10 - TITLE STATEMENT | |
| Title | Essentials of Modern Spectrum Management / |
| Statement of responsibility, etc | Martin Cave, Chris Doyle, William Webb. |
| 260 ## - PUBLICATION, DISTRIBUTION, ETC. (IMPRINT) | |
| Place of publication, distribution, etc | Cambridge : |
| Name of publisher, distributor, etc | Cambridge University Press, |
| Date of publication, distribution, etc | 2011. |
| 263 ## - PROJECTED PUBLICATION DATE | |
| Projected publication date | 201103 |
| 300 ## - PHYSICAL DESCRIPTION | |
| Extent | 1 v. : |
| Other physical details | ill. ; |
| Dimensions | 23 cm. |
| 490 0# - Series Statement | |
| Series statement | The Cambridge wireless essentials series |
| 500 ## - GENERAL NOTE | |
| General note | Originally published: 2007. |
| 650 #0 - SUBJECT ADDED ENTRY--TOPICAL TERM | |
| Topical term or geographic name as entry element | Wireless communication systems. |
| 9 (RLIN) | 31469 |
| 650 #0 - SUBJECT ADDED ENTRY--TOPICAL TERM | |
| Topical term or geographic name as entry element | Radio frequency allocation. |
| 9 (RLIN) | 31470 |
| 650 #0 - SUBJECT ADDED ENTRY--TOPICAL TERM | |
| Topical term or geographic name as entry element | Signal processing. |
| 9 (RLIN) | 31471 |
| 653 ## - INDEX TERM--UNCONTROLLED | |
| Resource For college | |
| Arrived date list | November2012 |
| 700 1# - ADDED ENTRY--PERSONAL NAME | |
| Personal name | Doyle, Christopher, |
| Dates associated with a name | 1960- |
| 9 (RLIN) | 31472 |
| 700 1# - ADDED ENTRY--PERSONAL NAME | |
| Personal name | Webb, William, |
| Dates associated with a name | 1967- |
| 9 (RLIN) | 31473 |
| 942 ## - ADDED ENTRY ELEMENTS (KOHA) | |
| Source of classification or shelving scheme | Dewey Decimal Classification |
| Item type | Book - Borrowing |
| Withdrawn status | Item status | Source of classification or shelving scheme | Damaged status | Not for loan | Vendor | Home library | Current library | Shelving location | Date acquired | Source of acquisition | Cost, normal purchase price | Serial Enumeration / chronology | Total Checkouts | Full call number | Barcode | Date last seen | Koha item type |
|---|---|---|---|---|---|---|---|---|---|---|---|---|---|---|---|---|---|
| Dewey Decimal Classification | Baccah | Central Library | Central Library | First floor | 26/11/2012 | 186.00 | 16429 | 621.3822 CAV | 000027836 | 15/07/2025 | Book - Borrowing |